Регионална библиотека "Любен Каравелов" - Русе

Труба (Запис номер 37867)

MARC детайли
000 -Лидер
Контролно поле с фиксирана дължина 01365nam a2200349 c 4500
003 - Код на организацията, давaща контролен номер
Контролно поле BLK
005 - Дата и час на последна редакция
Контролно поле 20250329160042.0
008 - Елементи от данни с фиксирана дължина
fixed length control field 180408b bul|||||r ||||||| ||bul||
010 ## - Наследен системен номер
LC control number KNG00041042000
040 ## - Източник на каталожния запис
Идентификатор на билиотеката - собственик на записа BLK
041 ## - Код за език
Код за езика на текст/звукозапис или на отделно заглавие Руски
Код за езика КДБФ Руски
080 ## - УДК
Текстов определител УДК Тромпет
УДК код - определител по УДК 788.1
УДК определител
УДК - код + определител 788.1
100 1# - Редна дума - Автор
Автор Усов, Юрий Алексеевич
Авторска отговорност първи автор
R(LIN) 275859
139 ## - Редно поле
Редна дума Усов, Юрий Алексеевич
Авторски знак Усо - У 81
245 10 - Сведения за заглавието
Заглавие Труба
Редно поле (дума) Юрий Алексеевич Усов.
257 ## - Страна на издаване
Страна на създаване/издаване СССР
260 ## - Област на издателските данни
-- Москва
Име на издателя, разпространителя и проч. Музыка
Година на издаване 1966
300 ## - Физическа характеристика
Страници 72 с., 4 с.
Илюстрации и др. с ил., ноти
Размери/Мащаб 16 см
380 ## - Жанр
Жанр Изкуство
490 1# - СЕРИИ (Колекции)
Име на серия Музыкальные инструменты
500 ## - Общи забележки
Забележка Изд. Ленинградского Гос. Инст. театра, музыки и кинематографии. - Библиогр. под линия.
650 #0 - Допълнително описание по предмет – тема
Основно описание – тема или топоним Духови музикални инструменти
9 (RLIN) 275013
650 #4 - Допълнително описание по предмет – тема
Основно описание – тема или топоним Тромпет
9 (RLIN) 174035
653 ## - Ключова дума – ненормативна
Ключова дума духови музикални инструменти
653 ## - Ключова дума – ненормативна
Ключова дума тромпети
852 ## - Местоположение
Форматна сигнатура Цб І 8848
856 4# - Електронен адрес и достъп
Електронен формат pdf - файл
Път до файла /url/
856 4# - Електронен адрес и достъп
Електронен формат pdf - файл
Път до файла /url/
942 ## - АРТИКУЛИ
Вид на библиотечния материал Книги
Скрит в OPAC Не
944 ## - СЪЗДАВАНЕ И РЕДАКЦИЯ на ЗАПИСА
Създаване/Редакция Създаване
Дата на регистрацията/редакция 13.12.2011
Статус, дата на статуса Геновева Генчева
Служител, извършил регистрацията/редакцията 30560
944 ## - СЪЗДАВАНЕ И РЕДАКЦИЯ на ЗАПИСА
Създаване/Редакция Редакция
Дата на регистрацията/редакция 05.01.2012
Статус, дата на статуса 13.12.2011 - от С1,Р / 13.12.2011
Служител, извършил регистрацията/редакцията
999 ## - СИСТЕМНИ КОНТРОЛНИ НОМЕРА
Koha biblionumber 37867
Koha biblioitemnumber 37867
Наличности
Код за отписване Код за изгубен артикул Източник на класификационната схема Код за повреда Коз за рестрикции Код за отдаване Артикулен № Име на библиотеката - собственик Име на библиотеката, в която се намира в момента Статус (Текущо местоположение) Дата на вписване в системата Местоположение - отдел Цена в лева Инвентарен номер Систематично азбучна сигнатура Баркод Номер на екземпляра Цена в евро Служебна бележка Служебен тип на артикула
  Не е изгубен Universal Decimal Classification Не е повреден без рестрикции заемане за дома 59482 Регионална библиотека "Любен Каравелов" Русе Регионална библиотека "Любен Каравелов" Русе Отдел Изкуство - подръчен фонд 1966-01-01 Отдел Изкуство - подръчен фонд 0.12 14624/66 788/У 81 900000003096 1 0.06 Дост: Pk Вид: Ф N: стар фонд Дата: 01.01.1966 Дата инв: 21.06.2012 Бележки инв: * Книги
Vip Innovations Ltd, Rousse, Bulgaria 2025